Письмо Ф. Самойлова П. Д. Святополк-Мирскому - просит оказать ходатайство об освобождении его с военной службы, в связи с болезн...

Доступно только в Электронных читальных залах Найти на картеНа карте
RUSMARC
00003656nac2a22002413x 450
001518f2c6d-e505-44a4-bdce-afb24ecdb56c
00520231127194215.0
100##$a20231115l1905 k y0rusy50 ca
1010#$arus
102##$aRU
105##$ay z |||||
1220#$ad19051231
2001#$aПисьмо Ф. Самойлова П. Д. Святополк-Мирскому - просит оказать ходатайство об освобождении его с военной службы, в связи с болезнью его отца
$j1905
215##$a4 листа
$d22,3 х 17,7
251##$cДело
300##$aРукописный текст
461#0$100192272350-62bb-46dc-83bb-8220a1b3e7bb
$12001
$aСвятополк-Мирский Петр Дмитриевич, князь, министр внутренних дел (август 1904 г. - январь 1905 г.)
$1251
$cФонд
$1852
$j1729
462#0$1001c805a107-4c41-4482-a939-9aa544013161
$12001
$aДела постоянного хранения. 1857-1914 гг.
$vД. 1419
$1251
$cОпись
$1852
$j1
600#1$aСвятополк-Мирский
$bП. Д.
$cкнязь
$gПетр Дмитриевич
600#1$aСамойлов
$bФ.
801#0$aRU
$bGA_RF
801#1$aRU
$bГлавНИВЦ
$c20231115
$2rusmarc
801#2$aRU
$bПБ им. Б.Н. Ельцина
$c20231127
$gRCR
$2rusmarc
852##$aГА РФ
$j1419
937##$d189193654
$hГАРФ
035##$aRuPRLIB51073608
856##$uhttp://readingroom.main.prlib.ru/item.aspx?id_node=n189193654&mode=full
Формат отображения